000
00285nam a22001217a 4500
008
180809b xxu||||| |||| 00| 0 eng d
041
_a
eng
080
_2
29th
_a
51
100
_a
36
101
_a
MAT
245
_a
Standart Mathematical Tables and Formulae
_c
Beyer,W.H
942
_2
udc
_c
BK
999
_c
46952
_d
46952